LEADER 00755nam0-22002771i-450- 001 990001295650403321 035 $a000129565 035 $aFED01000129565 035 $a(Aleph)000129565FED01 035 $a000129565 100 $a--------d--------km-y0itay50------ba 101 0 $aeng 200 1 $aApplied boolean algebra$ean elementary introduction$fFranz E. Hohn 210 $aNew York$cMacmillan$dc1960 215 $a139 p. ill. 24 cm 225 1 $a<>Series of Mathematics Texts 610 0 $aAlgebra booleana 676 $a512 801 0$aIT$bUNINA$gRICA$2UNIMARC 901 $aBK 912 $a990001295650403321 952 $a10-D-8$b3557$fMA1 959 $aMA1 962 $a06EXX 996 $aApplied boolean algebra$9384100 997 $aUNINA LEADER 01191nam2 22003133i 450 001 CFI0170104 005 20251003044129.0 010 $a8813164874 100 $a20150709d1989 ||||0itac50 ba 101 | $aita 102 $ait 181 1$6z01$ai $bxxxe 182 1$6z01$an 183 1$6z01$anc$2RDAcarrier 200 1 $aˆ1: ‰Profili generali$fa cura di Francesco Macioce 210 $aPadova$cCEDAM$d1989 215 $aVI, 448 p.$d22 cm. 461 1$1001CFI0170106$12001 $aˆLa ‰responsabilità civile nei sistemi di common law$v1 606 $aResponsabilità civile$xStati Uniti d'America$2FIR$3BVEC046464$9I 606 $aResponsabilità civile$xGran Bretagna$2FIR$3CFIC054566$9I 676 $a346.033$9DIRITTO PRIVATO. ILLECITI CONTRO LA PERSONA$v23 702 1$aMacioce$b, Francesco$3CFIV041865 801 3$aIT$bIT-000000$c20150709 850 $aIT-BN0095 $aIT-NA0070 912 $aCFI0170104 950 2$aBiblioteca Centralizzata di Ateneo$cv. 1$d 01D (AR) 2 714$e 01AR 0070027145 VMA A4(0001 v. 1$fY $h20121002$i20121002 977 $a 01$a BU 996 $aProfili generali$962728 997 $aUNISANNIO